Normal view
MARC view
- Belvestre, Rogel B.
Entry Personal Name
001 - CONTROL NUMBER
- control field: 9980
003 - CONTROL NUMBER IDENTIFIER
- control field: OSt
005 - DATE AND TIME OF LATEST TRANSACTION
- control field: 20160603184257.0
008 - FIXED-LENGTH DATA ELEMENTS
- fixed length control field: 160603|| aca||aabn | a|a d
040 ## - CATALOGING SOURCE
- Original cataloging agency: OSt
100 ## - HEADING--PERSONAL NAME
- Personal name: Belvestre, Rogel B.
